| 000 | 00614nam a22002297i 4500 | ||
|---|---|---|---|
| 001 | IT\ICCU\AQ1\0099906 | ||
| 003 | ItRI | ||
| 005 | 20241122062824.0 | ||
| 008 | 111121s2006 it |||||| ||||| |||||c | ||
| 040 | _cIUNIR | ||
| 041 | 7 |
_aita _2ISO-639-2 |
|
| 080 | _a617.5 GIU | ||
| 100 | 1 | _aGiuliani, Maurizio | |
| 245 | 1 | 0 |
_aChirurgia plastica _cMaurizio Giuliani _bLa storia nella storia |
| 260 |
_aL'Aquila _bFacolta di medicina e chirurgia _cc2008 |
||
| 300 |
_a161 p. _c24 cm |
||
| 650 | 1 | 0 |
_aCirugía _978 |
| 650 | 1 | 4 | _aCirugía Plástica |
| 982 | 1 |
_6z01 _an |
|
| 942 |
_2cdu _cBK |
||
| 981 | 1 |
_6z01 _ai _bxxxe |
|
| 999 |
_c5097 _d5097 |
||